Statistiques concernant Evénements du 31 mars

Cliquez ici pour prendre le quiz!

Statistiques générales

  • Ce quiz a été pris 39 fois
  • Le résultat moyen est 7 sur 15

Statistiques - réponses

HintRéponse% Correct
Inauguration de la Tour Eiffel1889
89%
Bernard de Clairvaux prêche la seconde croisade à Vézelay1146
81%
La 1ère armée française franchit le Rhin1945
70%
Naissance du roi Henri II de France1519
67%
Le Congrès américain approuve le plan Marshall1948
63%
Le dalaï-lama fuit le Tibet1959
59%
Création du groupe Renault-Nissan1999
44%
Naissance de l'écrivain Nicolas Gogol1809
41%
Mayotte devient un département2011
41%
Naissance de René Descartes1596
37%
Philippe IV devient roi d'Espagne et des Indes1621
37%
Naissance de Jean-Sébastien Bach1685
37%
Mort d'Isaac Newton1727
37%
Lancement de la Télévision Numérique Terrestre en France2015
30%
Naissance du compositeur Franz Joseph Haydn1732
15%

Distribution des résultats

Percentile par nombre de réponses

% des personnes avec chaque résultat

Votre développement - résultats

Vous n’avez pas pris ce quiz